| 000 | 02197cam a22005654i 4500 | ||
|---|---|---|---|
| 003 | PE-LiUPU | ||
| 005 | 20250731180142.0 | ||
| 008 | 150706s r 000 0 d | ||
| 020 | _a 9682436982 | ||
| 035 | _a(Sirsi) i9789682436987 | ||
| 040 |
_aPE-LiUPU _bspa _cPE-LiUPU _erda |
||
| 049 | _aPRUA | ||
| 082 | 0 | 4 |
_a500.072 _bR68 _221 |
| 100 | 1 |
_aRivera Márquez, Melessio, _eautor. |
|
| 245 | 1 | 3 |
_aLa comprobación científica / _cMelesio Rivera Márquez. |
| 250 | _a3a | ||
| 264 | 1 |
_aMéxico : _bTrillas, _c2006. |
|
| 300 |
_a95 páginas : _bilustraciones ; _c23 centímetros |
||
| 336 |
_atext _2rdacontent |
||
| 337 |
_aunmediated _2rdamedia |
||
| 338 |
_avolume _2rdacarrier |
||
| 490 | 0 |
_aÁrea: Metodologìa de la ciencia ; _v4 |
|
| 504 | _aIncluye referencias bibliográficas y bibliografìa. | ||
| 505 | 0 | _aComprobación científica: demostración y verificación.Comprobaciópn formal -- Identificación de comprobaciones formales -- Comprobación lógica de hipótesis. La comprobación empírica: verificación -- Localización de ejemplo de observación y experimentación -- Pasos que se siguen en la observación y la experimentación -- Los datos -- La estadística -- Interpretación de datos. Formas de interpertaciòn de datos. | |
| 526 | _aSEG44 | ||
| 526 | _aSEG26 | ||
| 526 | _aP159 | ||
| 526 | _aP155 | ||
| 526 | _aP154 | ||
| 526 | _aP153 | ||
| 526 | _aP150 | ||
| 526 | _aP100 | ||
| 526 | _aP31 | ||
| 526 | _aP30 | ||
| 526 | _aP26 | ||
| 526 | _aP25 | ||
| 526 | _aP24 | ||
| 526 | _aP22 | ||
| 526 | _aP15 | ||
| 526 | _aP10 | ||
| 541 | _g001-0031424; | ||
| 650 | 0 | 4 |
_aCiencia _xMetodologìa. |
| 650 | 0 | 4 | _aInvestigación. |
| 910 |
_agl _bjv _cjvm _d20100414 |
||
| 942 |
_2ddc _cBOOK |
||
| 949 |
_a500.072 R68 _wDEWEY _c1 _i61335 _lCCODEBUL1 _mBUL _p9.00 _r0 _sY _tBOOK _u2015-7-6 _xINGENIERIA _PP27 _0COMPRA _o.STAFF. Colección General |
||
| 994 |
_aC0 _bPEPRU |
||
| 596 | _a1 | ||
| 999 |
_a500.072 R68 _wDEWEY _c50592 _i61335 _f2021-11-5 _g7 _lCCODEBUL1 _mBUL _p9.00 _q1 _r0 _sN _tBOOK _u2015-7-6 _xBIBLIOTECA _PP27 _0COMPRA _o.STAFF. Colección General _d50592 |
||
| 980 |
_81 _gALBERTO SANCHEZ Responsable de Automatización |
||